Statistics for All Universal Marvel Movies

Click here to take the quiz!

General Stats

  • This quiz has been taken 26 times
  • The average score is 10 of 15

Answer Stats

HintAnswer% Correct
2012Mark RuffaloThe Avengers
100%
2003Eric BanaHulk
94%
2008Edward NortonThe Incredible Hulk
94%
2019Mark RuffaloAvengers: Endgame
71%
2018Mark RuffaloAvengers: Infinity War
71%
2015Mark RuffaloAvengers: Age of Ultron
65%
2013Post-Credit SceneIron Man 3
65%
2017Mark RuffaloThor: Ragnarok
65%
2021William HurtBlack Widow
59%
2016Archive FootageCaptain America: Civil War
59%
2014MentionedCaptain America: The Winter Soldier
59%
2019Post-Credit SceneCaptain Marvel
59%
2017CostumeSpider-Man: Homecoming
53%
2021Archive Footage in TrailerEternals
41%
2021CameoShang-Chi and the Legend of the Ten Rings
41%

Score Distribution

Percentile by Number Answered

Percent of People with Each Score

Your Score History

You have not taken this quiz